|
|
|
|
| LEADER |
02727nam a2200325 a 4500 |
| 001 |
2121586 |
| 008 |
120521s2012 bg b b 001 0 eng d |
| 020 |
|
|
|a 9789845060493
|
| 040 |
|
|
|a DLC
|c DLC
|d BD-DhAAL
|
| 082 |
0 |
0 |
|a 954.9/205
|2 21
|
| 100 |
1 |
|
|a Brammer, H.
|
| 245 |
1 |
4 |
|a The physical geography of Bangladesh /
|c Hugh Brammer.
|
| 260 |
|
|
|a Dhaka, :
|b University Press,
|c 2012
|
| 300 |
|
|
|a xix, 547 p. :
|b map ;
|c 25 cm.
|
| 504 |
|
|
|a Includes bibliographical references (p. [527]-533) and index.
|
| 541 |
|
|
|e 00026704
|
| 650 |
|
0 |
|a Geography
|z Bangladesh.
|
| 852 |
1 |
|
|a Ayesha Abed Library
|c General shelf.
|
| 999 |
|
|
|c 13249
|d 13249
|
| 952 |
|
|
|0 0
|1 0
|2 ddc
|4 0
|6 954_900000000000000_205_BRA
|7 0
|9 22059
|a C3ER
|b C3ER
|c GEN
|d 2013-03-19
|e Development Book Agency
|g 2050.00
|l 1
|m 10
|o 954.9205 BRA
|p 3010026704
|r 2015-10-10
|s 2013-09-08
|t 1
|w 2013-03-19
|y BK
|
| 952 |
|
|
|0 0
|1 0
|2 ddc
|4 0
|6 954_920500000000000_BRA
|7 0
|9 22060
|a BRACUL
|b BRACUL
|c GEN
|d 2013-03-19
|e Development Book Agency
|g 2050.00
|l 1
|m 8
|o 954.9205 BRA
|p 3010026705
|r 2016-07-18
|s 2013-11-20
|t 2
|w 2013-03-19
|y BK
|
| 952 |
|
|
|0 0
|1 0
|2 ddc
|4 0
|6 954_920500000000000_BRA
|7 0
|9 22064
|a BRACUL
|b BRACUL
|c GEN
|d 2013-03-19
|e Development Book Agency
|g 2050.00
|l 2
|m 15
|o 954.9205 BRA
|p 3010026706
|r 2025-05-07
|s 2025-02-24
|t 3
|w 2013-03-19
|y BK
|
| 952 |
|
|
|0 0
|1 0
|2 ddc
|4 0
|6 954_900000000000000_205_BRA
|7 0
|9 22065
|a C3ER
|b C3ER
|c AV
|d 2013-03-19
|e Development Book Agency
|l 1
|o 954.9205 BRA
|p 4010026704
|r 2021-02-07
|s 2013-11-20
|t 1
|w 2013-03-19
|y AV
|
| 952 |
|
|
|0 0
|1 0
|2 ddc
|4 0
|6 954_920500000000000_BRA
|7 0
|9 22066
|a BRACUL
|b BRACUL
|c AV
|d 2013-03-19
|e Development Book Agency
|l 0
|o 954.9205 BRA
|p 4010026705
|r 2013-03-19
|t 2
|w 2013-03-19
|y AV
|
| 952 |
|
|
|0 0
|1 0
|2 ddc
|4 0
|6 954_920500000000000_BRA
|7 0
|9 22067
|a BRACUL
|b BRACUL
|c AV
|d 2013-03-19
|e Development Book Agency
|l 0
|o 954.9205 BRA
|p 4010026706
|r 2013-03-19
|t 3
|w 2013-03-19
|y AV
|
| 952 |
|
|
|0 0
|1 0
|2 ddc
|4 0
|6 954_920500000000000_BRA
|7 0
|9 22302
|a IGS
|b IGS
|c GEN
|d 2013-05-07
|e Prothoma
|g 1705.00
|l 0
|o 954.9205 BRA
|p 3010026917
|r 2013-05-07
|t 5
|w 2013-05-07
|y BK
|
| 952 |
|
|
|0 0
|1 0
|2 ddc
|4 0
|6 954_920500000000000_BRA
|7 0
|9 22303
|a IGS
|b IGS
|c AV
|d 2013-05-07
|e Prothoma
|l 0
|o 954.9205 BRA
|p 4010026917
|r 2013-05-07
|t 4
|w 2013-05-07
|y AV
|
| 952 |
|
|
|0 0
|1 0
|2 ddc
|4 0
|6 954_900000000000000_205_BRA
|7 0
|9 44309
|a BRACUL
|b BRACUL
|c GEN
|d 2014-12-03
|g 2050.00
|l 3
|m 3
|o 954.9205 BRA
|p 3010027123
|r 2024-11-27
|s 2024-02-19
|t 4
|w 2014-12-03
|y BK
|
| 952 |
|
|
|0 0
|1 0
|2 ddc
|4 0
|6 954_900000000000000_205_BRA
|7 0
|9 58046
|a BRACUL
|b BRACUL
|c GEN
|d 2016-02-16
|e Development Book Agency
|g 1885.00
|l 1
|m 10
|o 954.9205 BRA
|p 3010030890
|r 2020-01-16
|s 2016-08-29
|t 10
|w 2016-02-16
|y BK
|
| 952 |
|
|
|0 0
|1 0
|2 ddc
|4 0
|6 954_900000000000000_205_BRA
|7 0
|9 58047
|a BRACUL
|b BRACUL
|c GEN
|d 2016-02-16
|e Development Book Agency
|g 1885.00
|l 1
|m 10
|o 954.9205 BRA
|p 3010030891
|r 2025-05-05
|s 2025-02-24
|t 11
|w 2016-02-16
|y BK
|